Statistics for Famous Characters

Click here to take the quiz!

General Stats

  • This quiz has been taken 42 times
    (19 since last reset)
  • The average score is 7 of 16

Answer Stats

HintAnswer% Correct
British Agent "007"James Bond
100%
Flying elephantDumbo
81%
Lasagna-loving felineGarfield
75%
Captain of the Black PearlJack Sparrow
75%
Mischievous best friend of Huck FinnTom Sawyer
69%
Narnia's famous lionAslan
63%
Beet-farmer/ paper-salesmanDwight Schrute
31%
Unscrupulous nemesis of Sherlock HolmesJames Moriarty
31%
S. S. Minnow's first mateGilligan
25%
Kingslayer who engages in incestJaimie Lannister
25%
Husband of Daisy, the woman Gatsby lovesTom Buchanan
25%
Tom Robinson's lawyerAtticus Finch
19%
Nut-loving saber-toothed squirrelScrat
19%
Prisoner 24601Jean Valjean
13%
Queen who tells a thousand storiesScheherazade
13%
Pumpkin King who kidnapped Santa ClausJack Skellington
6%

Score Distribution

Percentile by Number Answered

Percent of People with Each Score

Your Score History

You have not taken this quiz since the last reset